| 000 | 00486nam a22001577a 4500 | ||
|---|---|---|---|
| 005 | 20251108175210.0 | ||
| 008 | 250721s2012 xx 000 0 ara d | ||
| 082 | 1 | 4 | _aق/ضمر |
| 100 | 1 | _aضمرة، نازك | |
| 245 | 1 | 0 | _aظلال متحركة بقي الكثير نقوله في رحلة ثانية / |
| 264 | 1 |
_aعمان _ الاردن : _bنازك ضمرة، _c2012. |
|
| 300 | _a226ص. | ||
| 650 | 1 | 7 | _aالروايات العربية |
| 942 |
_2ddc _cBK |
||
| 999 |
_c128474 _d128474 |
||